Тектоника Сибири. Т. 4: Тектоника складчатых областей Сибири и Дальнего Востока (Запись № 8560768)

Подробности
000 -МАРКЕР
контрольное поле 01725nam2a22002891 4500
001 - ИДЕНТИФИКАТОР ЗАПИСИ
контрольное поле rc\4809845
005 - ИДЕНТИФИКАТОР ВЕРСИИ
контрольное поле 20250612222751.0
021 ## - НОМЕР ГОСУДАРСТВЕННОЙ РЕГИСТРАЦИИ
Код страны Российская Федерация
Номер [70-78417]
035 ## - ДРУГИЕ СИСТЕМНЫЕ НОМЕРА
Идентификатор записи (NLR Aleph) 008877489
100 ## - ДАННЫЕ ОБЩЕЙ ОБРАБОТКИ
Данные общей обработки 20130426d1970 |||y0rusy50 ca
101 0# - ЯЗЫК РЕСУРСА
Язык текста, звукозаписи и т.д. русский
102 ## - СТРАНА ПУБЛИКАЦИИ ИЛИ ПРОИЗВОДСТВА
Страна публикации Российская Федерация
105 ## - ПОЛЕ КОДИРОВАННЫХ ДАННЫХ: ТЕКСТОВЫЕ МАТЕРИАЛЫ, МОНОГРАФИЧЕСКИЕ
Кодированные данные о монографическом текстовом документе a z |||||
200 1# - ЗАГЛАВИЕ И СВЕДЕНИЯ ОБ ОТВЕТСТВЕННОСТИ
Основное заглавие Тектоника складчатых областей Сибири и Дальнего Востока
Первые сведения об ответственности [Отв. ред. К.В. Боголепов]
Последующие сведения об ответственности АН СССР. Сиб. отд-ние. Науч. совет по тектонике Сибири и Дальнего Востока
210 ## - ПУБЛИКАЦИЯ, РАСПРОСТРАНЕНИЕ И ДР.
Место издания, распространения и т.д. Москва
Имя издателя, распространителя и т. д. Наука
Дата издания, распространения и т.д. 1970
215 ## - ФИЗИЧЕСКАЯ ХАРАКТЕРИСТИКА
Специфическое обозначение материала и объем 223 с., 1 л. схем.
Другие сведения о физической характеристике ил.
320 ## - ПРИМЕЧАНИЯ О НАЛИЧИИ В ДОКУМЕНТЕ БИБЛИОГРАФИИ / УКАЗАТЕЛЯ
Текст примечания Библиогр. в конце статей
320 ## - ПРИМЕЧАНИЯ О НАЛИЧИИ В ДОКУМЕНТЕ БИБЛИОГРАФИИ / УКАЗАТЕЛЯ
Текст примечания Указатель назв. регион. тектон. структур: с. 209-214
461 #0 - УРОВЕНЬ НАБОРА
Встроенное поле 001rc\4809841
-- 2001#$aТектоника Сибири$dTectonics of Siberia$e[Сборник статей]$fОтв. ред. чл.-кор. АН СССР Ю.А. Косыгин$gАкад. наук СССР. Сиб. отд-ние. Науч. совет по тектонике Сибири и Дальнего Востока. Т. 1-$vТ. 4
Системный номер (АБИС) связанной записи 8560747
Место публикации Новосибирск
Дата публикации 1962
Первые сведения об ответственности Отв. ред. чл.-кор. АН СССР Ю.А. Косыгин
Параллельное заглавие Tectonics of Siberia
Имя издателя, распространителя и т.д. Изд-во АН СССР. Сиб. отд-ние
Сведения, относящиеся к заглавию [Сборник статей]
Заглавие Тектоника Сибири
Номер тома Т. 4
606 ## - НАИМЕНОВАНИЕ ТЕМЫ КАК ПРЕДМЕТ
Наименование темы Складчатость пород
Географический подзаголовок Сибирь (т. 4)
Код системы psbo
702 #1 - ИМЯ ЛИЦА - ВТОРИЧНАЯ ОТВЕТСТВЕННОСТЬ
Начальный элемент ввода Боголепов
Часть имени, кроме начального элемента ввода К.В.
Код отношения Редактор
801 #0 - ИСТОЧНИК ЗАПИСИ
Страна Российская Федерация
Организация NLR
Правила каталогизации psbo
801 #1 - ИСТОЧНИК ЗАПИСИ
Страна Российская Федерация
Организация ELAR
Источник данных rusmarc
852 ## - МЕСТОНАХОЖДЕНИЕ И ШИФР ХРАНЕНИЯ
Идентификатор организации NLR
Шифр хранения (Call Number) 63-7/2153
942 ## - ДОПОЛНИТЕЛЬНЫЕ ЭЛЕМЕНТЫ ЗАПИСИ (АБИС)
Тип экземпляра АБИС Книга
980 ## - КОЛЛЕКЦИЯ
Название коллекции Национальная библиография
Экземпляры
Тип экземпляра Дата поступления Библиотека постоянного хранения Библиотека текущего хранения Место хранения Шифр хранения Штрих-код Статус экземпляра
Книга 26.10.2013 РНБ (Московский) РНБ (Московский) Русский книжный фонд: издания с 1957 года 63-7/2153 8877489-10